000 01706cam a22004574i 4500
003 PE-LiUPU
005 20250731173123.0
008 150623s r 000 0 d
020 _a0882640011
035 _a(Sirsi) i9780882640013
040 _aPE-LiUPU
_bspa
_cPE-LiUPU
_erda
049 _aPRUA
082 0 4 _a272.9
_bW968t
_223
100 1 _aWurmbrand, Richard,
_eautor.
245 1 0 _aTortured for christ /
_cRichard Wurmbrand.
264 1 _aBartlesville, OK :
_bLiving Sacrifice Book Company,
_c1967.
300 _a139 páginas :
_bilustraciones, fotos, gráficos ;
_c18 centímetros.
336 _atext
_2rdacontent
337 _aunmediated
_2rdamedia
338 _avolume
_2rdacarrier
505 0 _aThe Russians' avid thirst for Christ. "Greater love hath no man". Ransom and release for work in the west. Defeating communism with the love spirit of Christ. The invincible, windespread, underground church. How christianity is defeating communism. How western christians can help.
526 _aSEG42
526 _aSEG41
526 _aSEG40
526 _aSEG39
526 _aP94
526 _aP87
526 _aP86
526 _aP85
526 _aP77
526 _aP76
526 _aP35
600 1 4 _aWurmbrand, Richard
_d1909-2001
650 0 4 _aIglesia Luterana
_xSacerdotes
_vBiografías
_zRumania.
650 0 4 _aPresos políticos
_vBiografías
_zRumania.
651 _aRumania
_xCristianismo
_xBiografías.
942 _2ddc
_cBK
_n0
949 _a272.9 W968t
_wDEWEY
_c1
_i51075
_lCCODEBUL1
_mBUL
_p10.00
_r0
_sY
_tBOOK
_u2015-6-24
_xTEOLOGIA
_0COMPRA
_o.STAFF. Colección General
980 _81
_gALBERTO SANCHEZ Responsable de Automatización
999 _c32767
_d32767